000 00794nac a22002051u 4500
020 _a8175153350
082 _a670.42
_bS61735
090 _c4784
_d4784
100 _aSingh, D.K.
245 _aManufacturing Science And Engineering:
_bFor B.Tech Mechanical, Production And Manufacturing Process Students And Competitive Exams /
_cD.K. Singh.
260 _aNew Delhi:
_bGalgotia Publications PVT.Ltd,c.2000.
_cc.2000.
300 _a499p:
_bill;
_c22cm.
504 _aIncludes Index.
650 _amanufacturing science .
650 _aASME .
650 _aproduction engineering .
650 _aengineering .
942 _cBB
_k670.42S61735
999 _c4784
_d4784